000 00483nam a2200193Ia 4500
008 170918s9999 xx 000 0 und d
020 _a9780590648668
050 _bT244 1987
100 _aTaylor, Mildred D.
245 4 _aThe gold cadillac /
245 _cMildred D. Taylor ; pictures by Michael Hays.
260 _aNew York :
260 _bScholastic,
260 _c1987
300 _a43 pages :
300 _bcolored illustration ;
300 _c19cm.
500 _a650
999 _c341836
_d341836